MDQL
is popping MORE tags! Check the
thread
!
Quizzes
Events
Quiz Creation
Community
Videos
Private Events
Remove Ads
Sign In
Join for FREE
Feedback
Dark Mode
Quiz Categories
Sports
Geography
Music
Movies
Television
Just For Fun
Miscellaneous
History
Literature
Language
Science
Gaming
Entertainment
Religion
Holiday
For Kids
Quiz Lab
Recent
Popular Today
Quiz Kudos Today
Editor Picks
Curator Picks
Quizzes by...
Day
Popularity
Type
Ratings
Length
Year
Community
Subscriptions
Recent Discussions
Orange Saloon
Badges
Playlists
Quests
Create
Leaderboards
Showdown
Live 5
Trivia Bingo
Activity
Puzzle Library
Sporcle Events
Private Events
Virtual Trivia
Globe League
Become a Host
Pub Owners
SporcleCon
Opinionation
Our Games
Videos
Blog
Mobile Apps
Partnerships
Remove Ads and Go Orange
Feedback
Movies
Disney
Marvel Cinematic Universe
Movie Resume
Movie Titles
Oscar
Actor
Actress
Director
Pixar
Role
Movie Quotes
Movie Characters
Box Office
Nominee
Best Picture
Star Wars
James Bond
Horror Movies
Movies
Disney
Marvel Cinematic Universe
Movie Resume
Movie Titles
Oscar
Actor
Actress
Director
Pixar
Role
Movie Quotes
Movie Characters
Box Office
Nominee
Best Picture
Star Wars
James Bond
Horror Movies
Random Quiz
Search Sporcle
×
Quiz Lab
Quiz Lab
Movies
Criterion
Type in answers that appear in a list
Type in answers that appear in a list
Classic
Best Score? Go Orange.
The Criterion Collection 101-200 Stats
Can you name the Criterion Collection releases with spine numbers 101-200?
By
mycomplaint
15m
98 Questions
122 Plays
122 Plays
122 Plays
Comments
Comments
Give Quiz Kudos
Give Quiz Kudos
-
- Ratings
hide this ad
Replay
Link that replays current quiz
Next Quiz
Link to next quiz in quiz playlist
You Got
0%
They Got
Avg Score
51%
Avg Friend Score
Upgrade to see
Score Distribution
Jump to the score distribution portion of the page
Score
0/98
Timer
15:00
0
Plays Today
Year
Film
% Correct
1960
Spartacus
94.3%
1940
Rebecca
88.5%
2001
The Royal Tenenbaums
88.5%
2000
Traffic
87.7%
1996
The Rock
83.6%
1950
Rashomon
83.6%
1972
Cries and Whispers
82%
1972
Solaris
82%
1941
Sullivan's Travels
81.1%
1946
Notorious
81.1%
1963
8 1|2
80.3%
1972
The Discreet Charm of the Bourgeoisie
76.2%
2000
In The Mood For Love
75.4%
1998
Fear and Loathing in Las Vegas
75.4%
1941
The Lady Eve
73%
1958
Mon Oncle
70.5%
1967
Playtime
70.5%
1945
Spellbound
69.7%
2000
George Washington
69.7%
1958
The Hidden Fortress
68.9%
1957
Wild Strawberries
68.9%
1986
Down by Law
67.2%
1957
Throne of Blood
67.2%
1976
Grey Gardens
66.4%
1971
Straw Dogs
66.4%
1986
Mona Lisa
65.6%
1955
Ordet
63.9%
1986
Withnail and I
62.3%
1965
Red Beard
62.3%
1955
Rififi
61.5%
1963
Contempt
60.7%
1943
The Life and Death of Colonel Blimp
58.2%
1974
Ali: Fear Eats the Soul
58.2%
Year
Film
% Correct
1965
Loves of a Blonde
57.4%
1996
Schizopolis
57.4%
1963
Billy Liar
56.6%
1988
The Vanishing
56.6%
1953
Monsieur Hulot's Holiday
55.7%
1968
Salesman
55.7%
1999
Ratcatcher
55.7%
1945
Children of Paradise
54.9%
1967
The Firemen's Ball
54.9%
1985
My Life as a Dog
54.9%
1988
How to Get Ahead in Advertising
52.5%
1922
Haxan
51.6%
1977
That Obscure Object of Desire
51.6%
1967
Monterey Pop
51.6%
1959
Hiroshima Mon Amour
51.6%
1965
Juliet of the Spirits
50.8%
1955
Night and Fog
49.2%
1957
The Cranes Are Flying
48.4%
1936
My Man Godfrey
47.5%
By Brakhage: an Anthology, Volume One
47.5%
1964
Gertrud
46.7%
1977
The Last Wave
46.7%
1969
Double Suicide
45.9%
1992
Man Bites Dog
45.9%
1980
Hopscotch
45.1%
1967
I Am Curious-Yellow
45.1%
1981
Coup de Torchon
44.3%
1966
Closely Watched Trains
44.3%
1967
I Am Curious-Blue
44.3%
1964
Diary of a Chambermaid
43.4%
1986
Jimi Plays Monterey
43.4%
1934
The Scarlet Empress
42.6%
1943
Day of Wrath
41.8%
Year
Film
% Correct
1946
The Killers
41.8%
1964
The Killers
41.8%
1959
Ballad of a Soldier
41%
1964
Band of Outsiders
41%
1965
Tokyo Olympiad
40.2%
1932
Trouble in Paradise
40.2%
1972
The Ruling Class
36.9%
1952
The Importance of Being Earnest
36.9%
1970
Bed and Board
36.9%
1956
Bob Le Flambeur
36.1%
1986
Shake! Otis at Monterey
36.1%
1965
The Shop on Main Street
35.2%
1974
Hearts and Minds
35.2%
1952
The White Sheik
35.2%
1979
Love on the Run
32.8%
1968
Stolen Kisses
30.3%
1970
The Honeymoon Killers
30.3%
1960
Le Trou
29.5%
1958
The Horse's Mouth
29.5%
1958
Big Deal on Madonna Street
28.7%
1974
General Idi Amin Dada
27.9%
1961
Il Posto
23.8%
1930
Under the Roofs of Paris
23%
1978
Jubilee
23%
1937
Pepe Le Moko
21.3%
1975
The Lost Honor of Katharina Blum
21.3%
1976
Coup de Grace
19.7%
1995
Carl Th. Dreyer-My Metier
18.9%
1931
A Nous La Liberte
18%
1945
Les Dames du Bois de Boulogne
16.4%
1962
I Fidanzati
14.8%
1947
Quai des Orfevres
13.1%
Quiz Playlist
Details
Report
Send in Message
Add To Playlist
Classic:
Type in answers that appear in a list
Quiz Source
Last Updated: Apr 6, 2017
Quiz Scoreboard
CHALLENGE
Sign Up to Join the Scoreboard
Show All
Scores
Hide
Comments
May contain spoilers
Recently Published
Find the 'City' Movie
by crazypaving
Movies
60s
5x2 Blitz: Bands
by SL_Kpop136
Music
30s
Colored Red Africa Blitz
by spor1
Geography
30s
More to Explore
Quiz From the Vault
Featured Blog Post
14 Easter Pick-up Lines to Find Eggs With
hide this ad
You Might Also Like...
Tags
collection
Criterion
Today's Top Quizzes in Movies
Browse Movies
hide this ad
Today's Top Quizzes in Criterion
Browse Criterion
Top Contributed Quizzes in Movies
1
Find The 'Big' Movie
2
Find The 'Blue' Movie
3
Find The 'Wild' Movie
4
Hidden Star Wars Character II
5
Pick 5 Posters: Directed by Spielberg
6
Hidden Star Wars Character III
7
Hidden Star Wars Character IV
8
Movies By Plot
9
Alfred Hitchcock Movies by Plot
10
Hidden Star Wars Character V
Explore More
Trending Topics
Disney
Kpop
Harry Potter
Anime
Marvel
NBA
Crossword
WWE
Puzzle
Country
Soccer
NFL
The Office
Pokémon
Song
hide this ad
More By:
mycomplaint
Quiz
Plays
Rating
Category
Featured
Created
National Park Service Sites: Northeast
259
4.50
Geography
Oct 23, 2015
National Park Service Sites: Southeast
227
5.00
Geography
Oct 25, 2015
National Park Service Sites: Intermountain
219
Geography
Oct 27, 2015
National Park Service Sites: Midwest
194
Geography
Oct 26, 2015
Guess the State: National Parks
176
5.00
Geography
May 20, 2016
Go to Creator's Profile
Score Distribution
Quiz Creator Spotlight
mycomplaint
Follow
Send a Message
Quizzes Created
-
Created Quiz Play Count
-
More By This Creator
Popular Quizzes Today
1
5x2 Blitz: Bands
2
Find the 'City' Movie
3
Colored Red Africa Blitz
4
Find the US States - No Outlines Minefield
5
The Countries of the World
6
Find the US States
7
9x9 Crossword: Cartoon Network
8
US States
More Movies Quizzes
Star Wars Movie by Bad Review
Editor's Pick
Trending Quizzes
Colored Red Africa Blitz II
Colored Red Europe Blitz I
Christmas Pick: Judaism
Colored Red Africa Blitz III
Colored Red Europe Blitz II
Recently Updated
Champions League XIs: Real Madrid
pecheneg
Largest US Cities 1790-2010
pecheneg
Rides in Walt Disney World
pecheneg
Most Oscar Losses (Acting)
pecheneg
Beyoncé Albums
pecheneg
Leaping Animals
pecheneg
Reality TV Shows (A-Z)
bhenderson79
Rickey Henderson's Hall of Fame Teammates
pecheneg
Champions League XIs: Arsenal
pecheneg
Quick Pick: Celebrities in WWE's Hall of Fame
aduchscher
Trending Topics
Harry Potter
Anime
Crossword
Kpop
Disney
NBA
Marvel
Pokémon
NFL
WWE
The Office
Soccer
Song
Puzzle
Country
Your Account Isn't Verified!
In order to create a playlist on Sporcle, you need to verify the email address you used during registration. Go to your
Sporcle Settings
to finish the process.
Report this User
Report this user for behavior that violates our
Community Guidelines
.
Details:
Send Report
Go to the Sporcle.com Mobile Site →
Comments